书目信息 |
| 题名: |
英语文学散论
|
|
| 作者: | 郭继德 著 | |
| 分册: | ||
| 出版信息: | 郑州 河南人民出版社 2000 |
|
| 页数: | 378页 | |
| 开本: | 20cm | |
| 丛书名: | ||
| 单 册: | ||
| 中图分类: | I106-53 | |
| 科图分类: | ||
| 主题词: | 英语--文学--文学研究--文集 | |
| 电子资源: | ||
| ISBN: | 7-215-04655-9 | |
| 000 | 00543nam0 2200193 45 | |
| 001 | 0309271615 | |
| 005 | 20031219104119.1 | |
| 010 | @a7-215-04655-9@dCNY21.00 | |
| 100 | @a20030927d2000 km y0chiy0120 ea | |
| 101 | 0 | @achi |
| 105 | @a z 000yy | |
| 200 | 1 | @a英语文学散论@AYing Yu Wen Xue San Lun@f郭继德著@FGuo Ji De Zhu |
| 210 | @a郑州@c河南人民出版社@d2000 | |
| 215 | @a378页@d20cm | |
| 606 | 0 | @a英语@x文学@x文学研究@x文集 |
| 690 | @aI106-53@v4 | |
| 701 | 0 | @a郭继德@4著 |
| 801 | @aCN@bTSTC@c20030927 | |
| 905 | @b326391@dI106-53@e105@f1 | |
| 英语文学散论/郭继德著.-郑州:河南人民出版社,2000 |
| 378页;20cm |
| ISBN 7-215-04655-9:CNY21.00 |
| ● |
| 相关链接 |
|
|
|
|
正题名:英语文学散论
索取号:I106-53/105
 
预约/预借
| 序号 | 登录号 | 条形码 | 馆藏地/架位号 | 状态 | 备注 |
| 1 | 0326391 | 203263912 | 第一样本阅览室/ [索取号:I106-53/105] | 在馆 |